000 00622nam a2200241Ia 4500
008 210210b1973 xxu||||| |||| 00| 0 eng d
020 _a0 87620 595 3
082 _a658 SETM
100 _aSETHI (S Prakash)
245 _aMultinational business operations: financial management V4
260 _aCalifornia.
_bGoodYear Publishing Company, INC.
_c1973
300 _axix,287
440 _a4
650 _aV4
650 _aoperations:
650 _aMultinational
650 _amanagement
650 _afinancial
650 _abusiness
690 _aManagement
700 _aSHETH (Jagdish N)
906 _a041470
999 _c91178
_d91178